Hội thảo chuyên đề sản xuất giống - nuôi tôm càng xanh và giải pháp xử lý giếng nước ngầm
সংরক্ষণ করুন:
| সংস্থা লেখক: | |
|---|---|
| বিন্যাস: | গ্রন্থ |
| ভাষা: | Undetermined |
| প্রকাশিত: |
Tiền Giang
[Tiền Giang]
1996
|
| বিষয়গুলি: | |
| ট্যাগগুলো: |
ট্যাগ যুক্ত করুন
কোনো ট্যাগ নেই, প্রথমজন হিসাবে ট্যাগ করুন!
|
| Thư viện lưu trữ: | Trung tâm Học liệu Trường Đại học Cần Thơ |
|---|
| LEADER | 00620nam a2200181Ia 4500 | ||
|---|---|---|---|
| 001 | CTU_161477 | ||
| 008 | 210402s9999 xx 000 0 und d | ||
| 082 | |a 639.6 | ||
| 082 | |b B450 | ||
| 110 | |a Bộ Thủy sản | ||
| 245 | 0 | |a Hội thảo chuyên đề sản xuất giống - nuôi tôm càng xanh và giải pháp xử lý giếng nước ngầm | |
| 245 | 0 | |c Bộ Thủy sản | |
| 260 | |a Tiền Giang | ||
| 260 | |b [Tiền Giang] | ||
| 260 | |c 1996 | ||
| 650 | |a Shrimp culture,Nuôi tôm | ||
| 904 | |i Trọng Hải | ||
| 980 | |a Trung tâm Học liệu Trường Đại học Cần Thơ | ||